| 000 | 00353nam a2200145Ia 4500 | ||
|---|---|---|---|
| 008 | 100122s9999 xx 000 0 und d | ||
| 082 |
_b65159 _a923.173 |
||
| 100 | _aCLINTON HILLARY RODHAM | ||
| 245 | _aLIVING HISTORY | ||
| 260 |
_bSIMON & SCHUSTER _c2003 |
||
| 300 | _a846 | ||
| 630 | _aLIVING HISTORY | ||
| 730 | _aLIVING HISTORY | ||
| 942 | _cBOOK | ||
| 999 |
_c379883 _d379880 |
||